<?xml version="1.0" encoding="UTF-8"?>
<record
    xmlns:xsi="http://www.w3.org/2001/XMLSchema-instance"
    xsi:schemaLocation="http://www.loc.gov/MARC21/slim http://www.loc.gov/standards/marcxml/schema/MARC21slim.xsd"
    xmlns="http://www.loc.gov/MARC21/slim">

  <leader>00640nam a2200169   4500</leader>
  <controlfield tag="001">143371</controlfield>
  <controlfield tag="003">ES-MaACL</controlfield>
  <controlfield tag="005">20230906200807.0</controlfield>
  <controlfield tag="007">t|</controlfield>
  <controlfield tag="008">070214s1956    mr      r    ||||1| spa d</controlfield>
  <datafield tag="100" ind1="1" ind2=" ">
    <subfield code="a">Serrano de Lababidy, Mar&#xED;a del Pilar.</subfield>
    <subfield code="9">105749</subfield>
  </datafield>
  <datafield tag="245" ind1="1" ind2="3">
    <subfield code="a">La evoluci&#xF3;n contempor&#xE1;nea de los pa&#xED;ses &#xE1;rabes / </subfield>
    <subfield code="c">por M&#xAA; del Pilar Serrano de Lababidy.</subfield>
  </datafield>
  <datafield tag="260" ind1=" " ind2=" ">
    <subfield code="a">Tetu&#xE1;n : </subfield>
    <subfield code="b">Alta Comisar&#xED;a de Espa&#xF1;a en Marruecos, </subfield>
    <subfield code="c">1956 (</subfield>
    <subfield code="f">Imp. del Mazj&#xE9;n)</subfield>
  </datafield>
  <datafield tag="300" ind1=" " ind2=" ">
    <subfield code="a">225 p., 8 h. ; </subfield>
    <subfield code="c">24 cm + </subfield>
    <subfield code="e">VIII gr&#xE1;f.</subfield>
  </datafield>
  <datafield tag="710" ind1="2" ind2=" ">
    <subfield code="a">Marruecos (Protectorado Espa&#xF1;ol). </subfield>
    <subfield code="b">Alta Comisar&#xED;a.</subfield>
    <subfield code="9">5651</subfield>
  </datafield>
  <datafield tag="852" ind1=" " ind2=" ">
    <subfield code="a">ES-MaACL</subfield>
    <subfield code="j">C-10897 </subfield>
    <subfield code="b">R.38815</subfield>
  </datafield>
  <datafield tag="999" ind1=" " ind2=" ">
    <subfield code="c">143371</subfield>
    <subfield code="d">143371</subfield>
  </datafield>
  <datafield tag="952" ind1=" " ind2=" ">
    <subfield code="0">0</subfield>
    <subfield code="1">0</subfield>
    <subfield code="4">0</subfield>
    <subfield code="7">0</subfield>
    <subfield code="a">ATENEOM</subfield>
    <subfield code="b">ATENEOM</subfield>
    <subfield code="c">SPAL</subfield>
    <subfield code="d">2008-01-17</subfield>
    <subfield code="e">SC</subfield>
    <subfield code="l">0</subfield>
    <subfield code="o">C-10897</subfield>
    <subfield code="p">1149166</subfield>
    <subfield code="r">2023-02-23 00:00:00</subfield>
    <subfield code="w">2023-02-23</subfield>
    <subfield code="y">MONOGRAFIA</subfield>
  </datafield>
</record>
